000 00517nam a2200193Ia 4500
003 GCL
008 140319s9999 xx 000 0 ara d
040 _aGCL /
_cGCL
082 0 4 _a843.03
_bف ص
100 1 _aفيركور
245 1 0 _aصمت البحر /
_cفيركور
700 1 _aجاد لبيب
300 _a103ص
490 _a
650 0 4 _aالادب الفرنسى
650 0 4 _aالادب الفرنسى المترجم
650 0 4 _aالقصص الفرنسية المترجمة
942 _2ddc
_cBK
999 _c40569
_d40569